<?xml version="1.0" encoding="UTF-8"?>
<record
    xmlns:xsi="http://www.w3.org/2001/XMLSchema-instance"
    xsi:schemaLocation="http://www.loc.gov/MARC21/slim http://www.loc.gov/standards/marcxml/schema/MARC21slim.xsd"
    xmlns="http://www.loc.gov/MARC21/slim">

  <leader>00698nam a22001337a 4500</leader>
  <datafield tag="040" ind1=" " ind2=" ">
    <subfield code="c">RUA</subfield>
  </datafield>
  <datafield tag="082" ind1=" " ind2=" ">
    <subfield code="a">AVM SAN 2018 B654 Or.1</subfield>
  </datafield>
  <datafield tag="100" ind1=" " ind2=" ">
    <subfield code="a">SANG NALIN &#x179F;&#x17B6;&#x17C6;&#x1784; &#x178E;&#x17B6;&#x179B;&#x17B8;&#x1793;</subfield>
  </datafield>
  <datafield tag="245" ind1=" " ind2=" ">
    <subfield code="a">&#x1794;&#x179A;&#x17B6;&#x179F;&#x17B7;&#x178F;&#x1780;&#x17D2;&#x1793;&#x17BB;&#x1784;&#x1780;&#x17D2;&#x179A;&#x1796;&#x17C7;&#x1796;&#x17C4;&#x17C7;&#x179C;&#x17C0;&#x1793;&#x1780;&#x17D2;&#x179A;&#x1794;&#x17B8; &#x1793;&#x17C5;&#x1783;&#x17BB;&#x17C6;&#x1780;&#x17C6;&#x1796;&#x1784;&#x179F;&#x17B8;&#x179B;&#x17B6;&#x179F;&#x17D2;&#x179A;&#x17BB;&#x1780;&#x1780;&#x17C6;&#x1796;&#x1784;&#x17CB;&#x179F;&#x17B8;&#x179B;&#x17B6; &#x1781;&#x17C1;&#x178F;&#x17D2;&#x178F;&#x1796;&#x17D2;&#x179A;&#x17C7;&#x179F;&#x17B8;&#x17A0;&#x1793;&#x17BB; gastrointesinal parasites in buffalo at kampong seyla commune, kompong seyla disrtict, preh sihanuok province</subfield>
  </datafield>
  <datafield tag="260" ind1=" " ind2=" ">
    <subfield code="a">RUA</subfield>
    <subfield code="b">Phnom penh</subfield>
    <subfield code="c">2018</subfield>
  </datafield>
  <datafield tag="300" ind1=" " ind2=" ">
    <subfield code="a">viii;55p</subfield>
    <subfield code="b">ill;</subfield>
    <subfield code="c">29cm</subfield>
  </datafield>
  <datafield tag="856" ind1=" " ind2=" ">
    <subfield code="u"> https://drive.google.com/file/d/1YJp-q4NBTa_c_-otgHQoSMV4WQF1oO_k/view?usp=sharing</subfield>
  </datafield>
  <datafield tag="942" ind1=" " ind2=" ">
    <subfield code="c">AVM</subfield>
  </datafield>
  <datafield tag="999" ind1=" " ind2=" ">
    <subfield code="c">18689</subfield>
    <subfield code="d">18689</subfield>
  </datafield>
  <datafield tag="952" ind1=" " ind2=" ">
    <subfield code="0">0</subfield>
    <subfield code="1">0</subfield>
    <subfield code="2">ddc</subfield>
    <subfield code="4">0</subfield>
    <subfield code="6">AVM_SAN_2018_000000000000000_B654_OR_1</subfield>
    <subfield code="7">0</subfield>
    <subfield code="9">83110</subfield>
    <subfield code="a">LBB</subfield>
    <subfield code="b">LBB</subfield>
    <subfield code="c">B654</subfield>
    <subfield code="d">2020-01-10</subfield>
    <subfield code="l">1</subfield>
    <subfield code="o">AVM SAN 2018 B654 Or.1</subfield>
    <subfield code="p">A43170</subfield>
    <subfield code="r">2024-12-16</subfield>
    <subfield code="s">2024-11-28</subfield>
    <subfield code="w">2020-01-10</subfield>
    <subfield code="y">AVM</subfield>
  </datafield>
  <datafield tag="952" ind1=" " ind2=" ">
    <subfield code="0">0</subfield>
    <subfield code="1">0</subfield>
    <subfield code="2">ddc</subfield>
    <subfield code="4">0</subfield>
    <subfield code="6">AVM_SAN_2018_000000000000000_B654_OR_2</subfield>
    <subfield code="7">0</subfield>
    <subfield code="9">83111</subfield>
    <subfield code="a">LBB</subfield>
    <subfield code="b">LBB</subfield>
    <subfield code="c">B654</subfield>
    <subfield code="d">2020-01-10</subfield>
    <subfield code="o">AVM SAN 2018 B654 Or.2</subfield>
    <subfield code="p">A43315</subfield>
    <subfield code="r">2020-01-10</subfield>
    <subfield code="w">2020-01-10</subfield>
    <subfield code="y">AVM</subfield>
  </datafield>
  <datafield tag="952" ind1=" " ind2=" ">
    <subfield code="0">0</subfield>
    <subfield code="1">0</subfield>
    <subfield code="2">ddc</subfield>
    <subfield code="4">0</subfield>
    <subfield code="6">AVM_SAN_2018_000000000000000_B654_OR_3</subfield>
    <subfield code="7">0</subfield>
    <subfield code="9">83112</subfield>
    <subfield code="a">LBB</subfield>
    <subfield code="b">LBB</subfield>
    <subfield code="c">B654</subfield>
    <subfield code="d">2020-01-10</subfield>
    <subfield code="l">1</subfield>
    <subfield code="o">AVM SAN 2018 B654 Or.3</subfield>
    <subfield code="p">A43240</subfield>
    <subfield code="r">2024-07-17</subfield>
    <subfield code="s">2024-07-10</subfield>
    <subfield code="w">2020-01-10</subfield>
    <subfield code="y">AVM</subfield>
  </datafield>
  <datafield tag="952" ind1=" " ind2=" ">
    <subfield code="0">0</subfield>
    <subfield code="1">0</subfield>
    <subfield code="2">ddc</subfield>
    <subfield code="4">0</subfield>
    <subfield code="6">AVM_SAN_2018_000000000000000_B654_OR_4</subfield>
    <subfield code="7">0</subfield>
    <subfield code="9">83113</subfield>
    <subfield code="a">LBB</subfield>
    <subfield code="b">LBB</subfield>
    <subfield code="c">B654</subfield>
    <subfield code="d">2020-01-10</subfield>
    <subfield code="o">AVM SAN 2018 B654 Or.4</subfield>
    <subfield code="p">A43475</subfield>
    <subfield code="r">2020-01-10</subfield>
    <subfield code="w">2020-01-10</subfield>
    <subfield code="y">AVM</subfield>
  </datafield>
  <datafield tag="952" ind1=" " ind2=" ">
    <subfield code="0">0</subfield>
    <subfield code="1">0</subfield>
    <subfield code="2">ddc</subfield>
    <subfield code="4">0</subfield>
    <subfield code="6">AVM_SAN_2018_000000000000000_B654_OR_5</subfield>
    <subfield code="7">0</subfield>
    <subfield code="9">83114</subfield>
    <subfield code="a">LBB</subfield>
    <subfield code="b">LBB</subfield>
    <subfield code="c">B654</subfield>
    <subfield code="d">2020-01-10</subfield>
    <subfield code="l">1</subfield>
    <subfield code="o">AVM SAN 2018 B654 Or.5</subfield>
    <subfield code="p">A43340</subfield>
    <subfield code="r">2023-10-18</subfield>
    <subfield code="s">2023-09-13</subfield>
    <subfield code="w">2020-01-10</subfield>
    <subfield code="y">AVM</subfield>
  </datafield>
  <datafield tag="952" ind1=" " ind2=" ">
    <subfield code="0">0</subfield>
    <subfield code="1">0</subfield>
    <subfield code="2">ddc</subfield>
    <subfield code="4">0</subfield>
    <subfield code="6">AVM_SAN_2018_000000000000000_B654_OR_6</subfield>
    <subfield code="7">0</subfield>
    <subfield code="9">83115</subfield>
    <subfield code="a">LBB</subfield>
    <subfield code="b">LBB</subfield>
    <subfield code="c">B654</subfield>
    <subfield code="d">2020-01-10</subfield>
    <subfield code="l">1</subfield>
    <subfield code="o">AVM SAN 2018 B654 Or.6</subfield>
    <subfield code="p">A43505</subfield>
    <subfield code="r">2024-01-15</subfield>
    <subfield code="s">2023-12-26</subfield>
    <subfield code="w">2020-01-10</subfield>
    <subfield code="y">AVM</subfield>
  </datafield>
</record>
